MARC details
| 000 -LEADER |
| campo de control de longitud fija |
01440nam a2200325 i 4500 |
| 001 - NÚMERO DE CONTROL |
| campo de control |
181014 |
| 003 - IDENTIFICADOR DE NÚMERO DE CONTROL |
| campo de control |
ES-MaACL |
| 005 - FECHA Y HORA DE LA ÚLTIMA TRANSACCIÓN |
| campo de control |
20250804063440.0 |
| 008 - DATOS DE LONGITUD FIJA--INFORMACIÓN GENERAL |
| campo de control de longitud fija |
121001s2010 sp ao |||| |dspa d |
| 020 ## - NÚMERO INTERNACIONAL ESTÁNDAR DEL LIBRO |
| Número Internacional Estándar del Libro |
978-84-96763-24-1 |
| 080 ## - NÚMERO DE LA CLASIFICACIÓN DECIMAL UNIVERSAL |
| Número de la Clasificación Decimal Universal |
791.862(0:7)(083.824) |
| 080 ## - NÚMERO DE LA CLASIFICACIÓN DECIMAL UNIVERSAL |
| Número de la Clasificación Decimal Universal |
636.2.046.8(0:7)(083.824) |
| 080 ## - NÚMERO DE LA CLASIFICACIÓN DECIMAL UNIVERSAL |
| Número de la Clasificación Decimal Universal |
7(083.824) |
| 245 00 - MENCIÓN DEL TÍTULO |
| Título |
Taurus : |
| Resto del título |
del mito al ritual : Museo de Bellas Artes de Bilbao : 7 de junio-5 de septiembre de 2010 / |
| Mención de responsabilidad, etc. |
[comisariado, Javier Viar Olloqui, Miriam Alzuri ; textos, Virginia Albarrán Martín ... et al.] |
| 260 ## - PUBLICACIÓN, DISTRIBUCIÓN, ETC. |
| Lugar de publicación, distribución, etc. |
Bilbao : |
| Nombre del editor, distribuidor, etc. |
Museo de Bellas Artes de Bilbao, |
| Fecha de publicación, distribución, etc. |
[2010] |
| 300 ## - DESCRIPCIÓN FÍSICA |
| Extensión |
400 páginas : |
| Otras características físicas |
ilustraciones (blanco y negro y color) ; |
| Dimensiones |
27 x 25 cm |
| 504 ## - NOTA DE BIBLIOGRAFÍA, ETC. |
| Nota de bibliografía, etc. |
Bibliografía: páginas 393-399 |
| 650 #7 - PUNTO DE ACCESO ADICIONAL DE MATERIA--TÉRMINO DE MATERIA |
| Término de materia o nombre geográfico como elemento de entrada |
Corridas de toros- |
| Subdivisión general |
En el arte- |
| Subdivisión de forma |
Exposiciones |
| 9 (RLIN) |
151512 |
| 650 #7 - PUNTO DE ACCESO ADICIONAL DE MATERIA--TÉRMINO DE MATERIA |
| Término de materia o nombre geográfico como elemento de entrada |
Toros de lidia- |
| Subdivisión general |
En el arte- |
| Subdivisión de forma |
Exposiciones |
| 9 (RLIN) |
151513 |
| 655 #7 - TERMINO DE INDIZACIÓN--GENERO/FORMA |
| Datos o término principal de género/forma |
Catálogos de exposiciones |
| Fuente del término |
tgfbne |
| 9 (RLIN) |
193628 |
| 700 1# - ENTRADA AGREGADA--NOMBRE PERSONAL |
| Nombre de persona |
Viar, Javier, |
| Fechas asociadas al nombre |
1946-2021 |
| Término indicativo de función/relación |
Comisario |
| 9 (RLIN) |
114294 |
| 700 1# - ENTRADA AGREGADA--NOMBRE PERSONAL |
| Nombre de persona |
Alzuri, Miriam, |
| Fechas asociadas al nombre |
1964- |
| Término indicativo de función/relación |
Comisario |
| 9 (RLIN) |
151514 |
| 700 1# - ENTRADA AGREGADA--NOMBRE PERSONAL |
| Nombre de persona |
Albarrán Martín, Virginia |
| Término indicativo de función/relación |
Autor |
| 9 (RLIN) |
151515 |
| 710 2# - ENTRADA AGREGADA--NOMBRE DE ENTIDAD CORPORATIVA |
| Nombre de entidad corporativa o nombre de jurisdicción como elemento de entrada |
Museo de Bellas Artes de Bilbao |
| Término indicativo de función/relación |
Sede |
| -- |
Editor |
| 9 (RLIN) |
5844 |
| 852 ## - LOCALIZACIÓN |
| Ubicación |
ES-MaACL |
| Sublocalización o colección |
R.147103 |
| Ubicación en estantería |
Depósito 1 |
| Signatura antigua |
Olim: N-5237 |
| Donativo/Legado |
Donación Real Academia Española |
| Número de control de estantería |
A-12232 |
| itemnumber |
187895 |
| 914 ## - NOMBRE ENTIDAD DE DONANTE |
| RLIN |
6336 |
| Nombre de congreso/reunión o jurisdicción como elemento de entrada |
Real Academia Española |
| Unidad subordinada |
Donante |
| 942 ## - ELEMENTOS DE ENTRADA SECUNDARIOS (KOHA) |
| Fuente del sistema de clasificación o colocación |
Clasificación decimal universal |
| Tipo de ítem Koha |
Libro impreso |
| Suprimir en OPAC |
No |